Inchoate Crimes and Complicity Standards Quiz Stats

 Plays Quiz not verified by Sporcle

Also try: Second Words
Challenge
Share
Tweet
Embed
Score 0/36 Timer 10:00
0 Plays Today
Name the: Answer % Correct
AccountabilityAccessory before the fact
36.4%
AccountabilityAccessory after the fact
36.4%
Accomplice LiabilityNo
36.4%
Conspiracyagree
36.4%
Conspiracyliable
36.4%
AccountabilityPrincipal in first degree
27.3%
AccountabilityPrincipal in second degree
27.3%
Accomplice Liabilitydo conduct
27.3%
Accomplice Liabilityencourage
27.3%
ConspiracyAgreement
27.3%
Attemptinfer
27.3%
Attemptpreparation
27.3%
Attemptsubstantial step
27.3%
ComparisonConspiracy
27.3%
ComparisonAttempt
27.3%
ComparisonConspiracy
27.3%
Accomplice LiabilityForeseeable
18.2%
ConspiracyIntent
18.2%
Name the: Answer % Correct
Conspiracyinherent
18.2%
ConspiracyStatute of Limitations
18.2%
Conspiracyaffirmative act
18.2%
Attemptdangerous proximity
18.2%
Comparisonaccomplices
18.2%
ComparisonAccomplice
18.2%
Accomplice LiabilityNexus
9.1%
Conspiracyaccomplish criminal act
9.1%
Conspiracyin furtherance
9.1%
Conspiracywithin scope of agreement
9.1%
Conspiracyreasonably foreseeable consequence
9.1%
Conspiracyquantity
9.1%
Conspiracynature
9.1%
Conspiracylegitimate
9.1%
Conspiracyseriousness
9.1%
Attemptconscious purpose to commit crime
9.1%
Attemptlast proximate act
9.1%
Accomplice Liabilityactual aid
0%

You're not logged in!

Compare scores with friends on all Sporcle quizzes.
OR
Log In

You Might Also Like...

Show Comments

Extras

Top Quizzes Today


Score Distribution

Your Account Isn't Verified!

In order to create a playlist on Sporcle, you need to verify the email address you used during registration. Go to your Sporcle Settings to finish the process.

Report this User

Report this user for behavior that violates our Community Guidelines.

Details: